000 00503nam a2200169 i 4500
001 146088
003 ES-MaACL
005 20250323063044.0
007 t|
008 070731s1937 sp ||||1| spa d
100 1 _aTorrente Ballester, Gonzalo,
_d1910-1999
_9110850
245 1 0 _aRazón y ser de la dramática futura /
_cpor Gonzalo Torrente Ballester.
260 _a[s.l.] :
_bJerarquía,
_c1937.
300 _a22 p. :
_b28 cm.
852 _aES-MaACL
_j1654-F-16
999 _c146088
_d146088